• 首页
  • 本馆介绍
  • 公告通知
  • 最新文献
  • 馆藏检索
  • 电子资源
  • 读者导购
  • 参考咨询
  • 我的图书馆
  • 登录
  • 详细信息显示
  • 放入我的书架
  • 预约/预借图书
  • 作者相关作品
  • 分类相关作品
  • 丛书相关作品
  • 出版社相关作品

书目信息

  • 表格格式
  • 工作单格式
  • 卡片格式
题名:
智慧的较量
    
 
作者: ;广东省律师协会 编
分册:  
出版信息: 北京   法律出版社  2009
页数: 369页
开本: 21cm
丛书名: 广东律师系列丛书
单 册:
中图分类: D923.405 , D925.104
科图分类:
主题词: 知识产权法--案例--分析--中国 , 知识产权--民事诉讼--研究--中国 , 知识产权法 , 案例 , 知识产权 , 民事诉讼
电子资源:
ISBN: 978-7-5036-9942-9
000 01473oam2 2200373 450
001 100428655707
005 20110222143358.06
010    @a978-7-5036-9942-9@dCNY38.00
035    @a004332990
100    @a20091127d2009 em y0chiy0110 ea
101 0  @achi
102    @aCN@b110000
105    @ay z 000yy
106    @ar
200 1  @a智慧的较量@9zhi hui de jiao liang@e知识产权案例评述与诉讼技巧@f广东省律师协会编@zeng
210    @a北京@c法律出版社@d2009
215    @a369页@d21cm
225 2  @a广东律师系列丛书@v4
312    @a封面英文题名:Wisdom contest: intellectual property case review and litigation skills
330    @a本书分为专利法、商标法、著作权法和反不正当竞争法四部分内容,选取了近年来在知识产权领域产生重大影响的典型案例,以“案情实录”、“裁决结果”、“律师点评”的形式进行评述,对于办理此类案件的诉讼经验和技巧进行了总结。
461  0 @12001 @a广东律师系列丛书@v4
510 1  @aWisdom contest@eintellectual property case review and litigation skills@zeng
517 1  @a知识产权案例评述与诉讼技巧@9zhi shi chan quan an li ping shu yu su song ji qiao
606 0  @a知识产权法@x案例@x分析@y中国
606 0  @a知识产权@x民事诉讼@x研究@y中国
606 0  @a知识产权法
606 0  @a案例
606 0  @a知识产权
606 0  @a民事诉讼
690    @aD923.405@v4
690    @aD925.104@v4
711 02 @a广东省律师协会@9guang dong sheng lv shi xie hui@4编
801  0 @aCN@bNLC@c20110222
905    @b205988902-939@h598890-93@dD923.405@e928@f4
    
    智慧的较量:知识产权案例评述与诉讼技巧/广东省律师协会编.-北京:法律出版社,2009
    369页;21cm.-(广东律师系列丛书;4)
    
    
    ISBN 978-7-5036-9942-9:CNY38.00
    本书分为专利法、商标法、著作权法和反不正当竞争法四部分内容,选取了近年来在知识产权领域产生重大影响的典型案例,以“案情实录”、“裁决结果”、“律师点评”的形式进行评述,对于办理此类案件的诉讼经验和技巧进行了总结。
●
相关链接 在E读中查询图书 在五车中查询图书 在当当中查询图书 在豆瓣中查询图书


正题名:智慧的较量     索取号:D923.405/928         预约/预借

序号 登录号 条形码 馆藏地/架位号 状态 备注
1 598890   205988902   第一样本阅览室/ [索取号:D923.405/928] 在馆    
2 598891   205988911   第一借阅区/ [索取号:D923.405/928] 在馆    
3 598892   205988920   第一借阅区/ [索取号:D923.405/928] 在馆    
4 598893   205988939   密集书库-史法系/ [索取号:D923.405/928] 在馆    
唐山师范学院图书馆 欢迎您!
大连网信软件有限公司© 版权所有